| 000 | 00454nam a2200169Ia 4500 | ||
|---|---|---|---|
| 003 | LK-CoDNM | ||
| 005 | 20240316141445.0 | ||
| 008 | 010623t1939 xxu||||| |||| 00| 1 sin d | ||
| 040 |
_aLK-CoDNM _dLK-CoDNM _eLK-CoDNM |
||
| 041 | _asin | ||
| 080 | _a104 HH8 | ||
| 245 | _aමහභිනික්මන් කාව්ය | ||
| 246 | _aMahabhinikmana Kaavya | ||
| 260 |
_bJ.D.Fernando _aColombo _c1939 |
||
| 300 |
_bDamaged _a118p.,22 cm |
||
| 942 | _cBK | ||
| 999 |
_c99410 _d99410 |
||